INFRASTRUCTURE INVESTMENT AND MARKET OPPORTUNITIES IN SOUTHEAST ASIA : Trends, Projects, Opportunities in Southeast Asia.

Bibliographic Details
Format: Book
Subjects:
LEADER 00733cam a2200205 7i4500
001 0000036615
005 20220621090000.0
007 ##ta
008 220303
040 # # |a MATR 
090 0 0 |a SEA 338.95   |b INF 
245 0 0 |a INFRASTRUCTURE INVESTMENT AND MARKET OPPORTUNITIES IN SOUTHEAST ASIA :   |b Trends, Projects, Opportunities in Southeast Asia. 
264 # 0 |a New Delhi:   |b India Infrastructure Research,   |c 2020. 
300 # # |a 725 pages:   |b illustrations;   |c cm. 
336 # # |a text  |2 rdacontent 
337 # # |a unmediated  |2 rdamedia 
338 # # |a volume  |2 rdacarrier 
504 # # |a Includes bibliographical references and index 
650 0 0 |a Infrastructure (Economics) --   |z Asia, Southeastern  
999 |a B000041296  |b Book  |c Regions  |e Business Information Centre